000 00328nam a2200145Ia 4500
100 _aAntonovich/ Michael
942 _cBK
654 _aFox pro 2
245 _aFox Pro 2.5 For Windows Programming guide
260 _bGalgotia
_aNew Delhi
_c1994
082 _a005.13' FOX'
300 _a579
546 _aENGLISH
999 _c32687
_d32687